000 00735nam a2200229 a 4500
001 81233
003 BD-RjUL
005 20230215104631.0
008 230215s2018 bg ||||| |||| 00| 0 ben d
020 _a9847015803285
035 _a(BD-RjUL)81233
040 _aBD-RjUL
_beng
_cBD-RjUL
041 _aben
082 _223
_a891.441
_bKAF 2018
100 _aকালপুরুষ
_97001
245 _aফিরে যাও শিশু ও না ফেরার গান /
_cকালপুরুষ
260 _aঢাকা :
_bবুকস ফেয়ার,
_c২০১৮
300 _a১০৪ পৃ.;
_c২২ সেমি.
650 _aবাংলা কবিতা
650 _aBengali poetry
942 _2ddc
_cBK
999 _c81233
_d81233